Pays du monde sans carte (de Z à T) - Statistiques

Statistiques générales
  • Ce quiz a été pris 244 fois
  • Le résultat moyen est 17 sur 22
Statistiques - réponses
Hint Réponse % Correct
Z Zimbabwe
99%
Y Yemen
97%
Z Zambie
96%
V Venezuela
94%
U Uruguay
91%
T Turquie
88%
V Vatican
87%
T Turkménistan
83%
V Vanuatu
80%
T Tadjikistan
79%
T Togo
75%
T Tanzanie
72%
T Tunisie
72%
V Vietnam
68%
T Tuvalu
65%
T Thaïlande
63%
U Ukraine
63%
T Trinité et Tobago
62%
T Tonga
60%
T Tchad
57%
T Timor oriental
55%
T Taïwan
53%
Aucun quiz correspondant
Distribution des résultats
% des personnes avec chaque résultat
Percentile par nombre de réponses
Votre historique - résultats
Vous n’avez pas pris ce quiz